00533nam a22001457a 4500003000900000008004100009040007100050082001500121245002600136260004200162300002500204505013100229650001500360650001200375AR-CdUCM190408b           ||||| |||| 00| 0 spa d  aMUNICIPALIDAD PROVINCIAL DEL CUSCOcBIBLIOTECA MUNICIPAL DEL CUSCO  a823 /bC96  aLa cueva del diablo /  aMadrid :bApostolado de prensac1924.  a60 paginas ;c24 cm.  aContenido :La cueva del diablo --El que a fuego mata --El milagro del Corpus --El cura y el general --La cruz del perdón ...  aLiteratura  aCuentos